World Series Roster - 2022 Houston Astros - Statistics

General Stats
  • This quiz has been taken 41 times
  • The average score is 12 of 26
Answer Stats
Answer % Correct
Jose Altuve
100%
Jeremy Peña
84%
Alex Bregman
74%
Framber Valdez
74%
Kyle Tucker
74%
Yordan Alvarez
74%
Justin Verlander
68%
Aledmys Díaz
65%
Martín Maldonado
61%
Chas McCormick
55%
Mauricio Dubón
48%
Yuli Gurriel
48%
Lance McCullers Jr.
45%
Bryan Abreu
39%
Cristian Javier
39%
Hunter Brown
39%
Ryan Pressly
35%
Christian Vázquez
32%
Trey Mancini
29%
Luis Garcia
26%
Will Smith
23%
José Urquidy
19%
Ryne Stanek
16%
David Hensley
13%
Rafael Montero
13%
Héctor Neris
6%
No matching quizzes found
Score Distribution
Percent of People with Each Score
Percentile by Number Answered
Your Score History
You have not taken this quiz